| Поле | Инд. | ПП | Название | Значение |
|---|---|---|---|---|
| Тип записи | a | |||
| Библиографический уровень | m | |||
| 001 | Контрольный номер | RU/IS/BASE/443716159 | ||
| 005 | Дата корректировки | 20260409095231.7 | ||
| 008 | Кодируемые данные | 20140122 | ||
| 020 | a | ISBN | 5-02-033-970-9 | |
| 040 | b | Код языка каталог. | rus | |
| e | Правила каталог. | PSBO | ||
| 041 | 0_ | a | Код языка текста | rus |
| 084 | a | Индекс другой классификации/Индекс ББК | 81.1я431 | |
| 090 | a | Полочн. индекс | 81.1я431 | |
| x | Авторский знак | К 637 | ||
| 245 | 10 | a | Заглавие | Компьютерная лингвистика и интеллектуальные технологии |
| b | Продолж. заглавия | труды международной конференции Диалог': 2005 (Звенигород, 1-6 июня 2005 года) | ||
| c | Ответственность | ответственные редакторы И. М. Кобозева, А. С. Нариньяни, В. П. Селегей; рецензенты Ю. Д. Апресян, Е. Б. Козеренко | ||
| 246 | _1 | a | Другая форма заглавия | Copputational Linguistics and Intellectual Technologies |
| b | Сведения, относящиеся к заглавию | International Conference Dialogue'2005 Proceedings (Zvenigorod, June 1-6, 2005) | ||
| 260 | a | Место издания | Москва | |
| b | Издательство | Наука | ||
| c | Дата издания | 2005 | ||
| 300 | a | Объем | 616 с. | |
| 336 | a | Термин вида содержания | Текст | |
| 337 | a | Термин типа средства | непосредственный | |
| 530 | a | Примеч. о доп. формах | оглавление | |
| 650 | 14 | a | Основная рубрика | филологические науки |
| a | Основная рубрика | языкознание | ||
| 653 | 0_ | a | Ключевые слова | автоматизация |
| a | Ключевые слова | автоматизация перевода | ||
| a | Ключевые слова | глагол | ||
| a | Ключевые слова | грамматики | ||
| a | Ключевые слова | датский язык | ||
| a | Ключевые слова | двуязычные словари | ||
| a | Ключевые слова | идиомы | ||
| a | Ключевые слова | интеллектуальные технологии | ||
| a | Ключевые слова | китайский язык | ||
| a | Ключевые слова | компьютерная лингвистика | ||
| a | Ключевые слова | компьютерные технологии | ||
| a | Ключевые слова | контекст | ||
| a | Ключевые слова | корпусное исследование | ||
| a | Ключевые слова | лексическая система языка | ||
| a | Ключевые слова | лингвистические конструкции | ||
| a | Ключевые слова | машинный перевод | ||
| a | Ключевые слова | межъязыковые различия | ||
| a | Ключевые слова | металингвистика | ||
| a | Ключевые слова | модальность | ||
| a | Ключевые слова | моделирование | ||
| a | Ключевые слова | морфология | ||
| a | Ключевые слова | неопределенно-личные предложения | ||
| a | Ключевые слова | омонимия | ||
| a | Ключевые слова | прилагательные | ||
| a | Ключевые слова | русский язык | ||
| a | Ключевые слова | семантика | ||
| a | Ключевые слова | семантическая интерпретация | ||
| a | Ключевые слова | семантические свойства | ||
| a | Ключевые слова | синонимия | ||
| a | Ключевые слова | сравнительный анализ | ||
| a | Ключевые слова | татарский язык | ||
| a | Ключевые слова | темпоральные прилагательные | ||
| a | Ключевые слова | устная речь | ||
| a | Ключевые слова | флективные языки | ||
| a | Ключевые слова | эмоциональность высказывания | ||
| 655 | a | Жанр/ форма (устаревшее) | материалы конференции | |
| 700 | 12 | a | Автор | Кобозева И. М. |
| e | Роль лиц | редактор | ||
| 700 | 1_ | a | Автор | Нариньяни А. С. |
| e | Роль лиц | редактор | ||
| 700 | 1_ | a | Автор | Селегей В. П. |
| e | Роль лиц | редактор | ||
| 700 | 1_ | a | Автор | Апресян Ю. Д. |
| e | Роль лиц | рецензент | ||
| 700 | 1_ | a | Автор | Козеренко Е. Б. |
| e | Роль лиц | рецензент | ||
| 900 | a | Имя электронного ресурса | ogl_komp lingv | |
| x | Справочная информация | Оглавление | ||
| 900 | a | Имя электронного ресурса | Dialjg_2005_oglav | |
| 901 | t | Тип документа | m | |
| 952 | a | Тип литературы для КСУ ВШ | НАУ |